Язык как основной элемент культуры: генезис, традиции и современные проблемы (Запись № 1064967)

Подробности
000 -МАРКЕР
контрольное поле 02528nam0a2200469 4500
001 - ИДЕНТИФИКАТОР ЗАПИСИ
контрольное поле RU\NLR\bibl\1094973
005 - ИДЕНТИФИКАТОР ВЕРСИИ
контрольное поле 20260406061259.0
010 ## - МЕЖДУНАРОДНЫЙ СТАНДАРТНЫЙ НОМЕР КНИГИ (ISBN)
Цена 52 р.
Тираж 150
021 ## - НОМЕР ГОСУДАРСТВЕННОЙ РЕГИСТРАЦИИ
Код страны Российская Федерация
Номер 2007-19292
Номер Листа государственной регистраци 1029
035 ## - ДРУГИЕ СИСТЕМНЫЕ НОМЕРА
Идентификатор записи (nilc)EL/0000098993
035 ## - ДРУГИЕ СИСТЕМНЫЕ НОМЕРА
Идентификатор записи RSL-KNO-003087981
035 ## - ДРУГИЕ СИСТЕМНЫЕ НОМЕРА
Идентификатор записи (NLR Aleph) 001082090
100 ## - ДАННЫЕ ОБЩЕЙ ОБРАБОТКИ
Данные общей обработки 20061221d2006 |||y0rusy50 ca
101 0# - ЯЗЫК РЕСУРСА
Язык текста, звукозаписи и т.д. русский
-- якутский
102 ## - СТРАНА ПУБЛИКАЦИИ ИЛИ ПРОИЗВОДСТВА
Страна публикации Российская Федерация
105 ## - ПОЛЕ КОДИРОВАННЫХ ДАННЫХ: ТЕКСТОВЫЕ МАТЕРИАЛЫ, МОНОГРАФИЧЕСКИЕ
Кодированные данные о монографическом текстовом документе y z |||||
200 1# - ЗАГЛАВИЕ И СВЕДЕНИЯ ОБ ОТВЕТСТВЕННОСТИ
Основное заглавие Язык как основной элемент культуры: генезис, традиции и современные проблемы
Сведения, относящиеся к заглавию (материалы Республиканской научно-практической конференции, 26 ноября 2004 г.)
Первые сведения об ответственности [отв. ред. Б. Н. Попов, д. филос. н., проф.
Последующие сведения об ответственности редкол.: В. В. Илларионов, д. филол. н., проф., А. А. Борисова, к. филос. н., доц., Г. С. Попова, к. п. н., доц.]
210 ## - ПУБЛИКАЦИЯ, РАСПРОСТРАНЕНИЕ И ДР.
Место издания, распространения и т.д. Якутск
Имя издателя, распространителя и т. д. Изд-во ЯГУ
Дата издания, распространения и т.д. 2006
215 ## - ФИЗИЧЕСКАЯ ХАРАКТЕРИСТИКА
Специфическое обозначение материала и объем 192 с.
Размеры 21
300 ## - ОБЩИЕ ПРИМЕЧАНИЯ
Текст примечания В надзаг.: Федер. агентство по образованию, Госком. по язык. политике РС(Я), Обществ. орг. "Иэй тыл", ГОУ ВПО "Якут. гос. ун-т им. М. К. Аммосова"
300 ## - ОБЩИЕ ПРИМЕЧАНИЯ
Текст примечания На рус., якут. яз.
320 ## - ПРИМЕЧАНИЯ О НАЛИЧИИ В ДОКУМЕНТЕ БИБЛИОГРАФИИ / УКАЗАТЕЛЯ
Текст примечания Библиогр. в конце ст.
606 1# - НАИМЕНОВАНИЕ ТЕМЫ КАК ПРЕДМЕТ
Наименование темы Язык и культура
Формальный подзаголовок Съезды, совещания и т.п.
Системный номер авторитетной/нормативной записи 990965
Идентификатор авторитетной/нормативной записи RU\NLR\auth\6656388
606 1# - НАИМЕНОВАНИЕ ТЕМЫ КАК ПРЕДМЕТ
Наименование темы Якутский язык
Формальный подзаголовок Съезды, совещания и т.п.
Системный номер авторитетной/нормативной записи 1075219
Идентификатор авторитетной/нормативной записи RU\NLR\auth\66419324
606 1# - НАИМЕНОВАНИЕ ТЕМЫ КАК ПРЕДМЕТ
Наименование темы Языковая политика
Формальный подзаголовок Съезды, совещания и т.п.
Тематический подзаголовок Саха (Якутия), Республика
Системный номер авторитетной/нормативной записи 2328743
Идентификатор авторитетной/нормативной записи RU\NLR\auth\661392714
675 ## - УНИВЕРСАЛЬНАЯ ДЕСЯТИЧНАЯ КЛАССИФИКАЦИЯ (UDC/УДК)
Индекс 81'272(571.56)(063)
Издание 4
Язык издания rus
686 ## - ИНДЕКСЫ ДРУГИХ КЛАССИФИКАЦИЙ
Индекс Ш100.122я431(2)
Код системы
686 ## - ИНДЕКСЫ ДРУГИХ КЛАССИФИКАЦИЙ
Индекс Ш163.41я431(2)
Код системы
686 ## - ИНДЕКСЫ ДРУГИХ КЛАССИФИКАЦИЙ
Индекс Ш100.33я431
686 ## - ИНДЕКСЫ ДРУГИХ КЛАССИФИКАЦИЙ
Индекс Ш163.41я431
686 ## - ИНДЕКСЫ ДРУГИХ КЛАССИФИКАЦИЙ
Индекс Ш121(251)я431
702 #1 - ИМЯ ЛИЦА - ВТОРИЧНАЯ ОТВЕТСТВЕННОСТЬ
Код отношения Редактор
Графика поля Кириллица
Материалы, к которым относится поле rus
Начальный элемент ввода Попов
Часть имени, кроме начального элемента ввода Б. Н.
Дополнения к именам, кроме дат д-р филос. наук, культурология
Даты 1938-2010
Расширение инициалов личного имени Борис Николаевич
Системный номер авторитетной/нормативной записи 121263
Идентификатор авторитетной/нормативной записи RU\NLR\AUTH\7711520
801 #0 - ИСТОЧНИК ЗАПИСИ
Страна Российская Федерация
Организация NLR
Дата составления 20061221
Правила каталогизации rcr
801 #1 - ИСТОЧНИК ЗАПИСИ
Страна Российская Федерация
Организация NLR
Дата составления 20061221
801 #1 - ИСТОЧНИК ЗАПИСИ
Страна Российская Федерация
Организация РГБ
Дата составления 20061221
801 #2 - ИСТОЧНИК ЗАПИСИ
Страна Российская Федерация
Организация NLR
Дата составления 20070605
Правила каталогизации rcr
942 ## - ДОПОЛНИТЕЛЬНЫЕ ЭЛЕМЕНТЫ ЗАПИСИ (АБИС)
Тип экземпляра АБИС Книга
980 ## - КОЛЛЕКЦИЯ
Название коллекции Национальная библиография
Экземпляры
Тип экземпляра Дата поступления Источник поступления Библиотека постоянного хранения Библиотека текущего хранения Место хранения Шифр хранения Штрих-код Статус экземпляра
Книга 05.06.2007 Обязательный экземпляр РНБ (Московский) РНБ (Московский) Русский книжный фонд: издания с 1957 года 2007-3/16859 1-2243846  
Книга 18.06.2009 Обязательный экземпляр РНБ (Московский) РНБ (Московский) Русский книжный фонд: издания с 1957 года 2007-3/16859 2943827